[Event "POR-ch qual"]
[Site "Amadora"]
[Date "2011.09.09"]
[Round "7"]
[White "Martins, Marta Sofia Cardoso"]
[Black "Durao, Joaquim Manuel"]
[Result "1-0"]
[WhiteElo "1603"]
[BlackElo "1914"]
[PlyCount "53"]
[EventDate "2011.09.03"]
[EventType "swiss"]
[EventRounds "9"]
[EventCountry "POR"]
[SourceTitle "CBM 144 Extra"]
[Source "ChessBase"]
[SourceDate "2011.10.28"]
[SourceVersion "1"]
[SourceVersionDate "2011.10.28"]
[SourceQuality "1"]

1. e4 e5 2. Nf3 Nc6 3. Bc4 Bc5 4. 0-0 Nf6 5. d3 d6 6. c3 Bg4 7. Nbd2 Qd7 8. Bb3 0-0-0 9. Ba4 a6 10. b4 Ba7 11. b5 axb5 12. Bxb5 Qe8 13. Qa4 Bb8 14. Bxc6 Qxc6 15. Qxc6 bxc6 16. Rb1 Ba7 17. h3 Be6 18. a4 Kd7 19. Ba3 Ra8 20. Ng5 Bb6 21. Nxe6 fxe6 22. Nc4 Rxa4 23. Rb3 Rha8 24. Bxd6 Rxc4 25. dxc4 Kxd6 26. Kh2 Kc5 27. Rfb1 1-0

[Event "Figueira da Foz op 7th"]
[Site "Figueira da Foz"]
[Date "2010.11.02"]
[Round "4.12"]
[White "Durao, Joaquim Manuel"]
[Black "Santos, Antonio Pereira"]
[Result "0-1"]
[WhiteElo "2009"]
[BlackElo "2326"]
[PlyCount "40"]
[EventDate "2010.10.31"]
[EventType "swiss"]
[EventRounds "9"]
[EventCountry "POR"]
[SourceTitle "EXT 2011"]
[Source "ChessBase"]
[SourceDate "2010.11.26"]
[SourceVersion "1"]
[SourceVersionDate "2010.11.26"]
[SourceQuality "1"]

1. e4 c5 2. Nf3 e6 3. d4 cxd4 4. Nxd4 Nc6 5. Nc3 Qc7 6. g3 a6 7. Bg2 d6 8. 0-0 Nf6 9. a4 Bd7 10. Nb3 Be7 11. f4 Na5 12. e5 dxe5 13. fxe5 Nxb3 14. exf6 Bc5+ 15. Kh1 Nxa1 16. fxg7 Rg8 17. Bf4 Qb6 18. a5 Qxb2 19. Ne4 Be7 20. Bd6 Bc6 0-1

[Event "POR-ch"]
[Site "Amadora"]
[Date "2010.09.11"]
[Round "8"]
[White "Durao, Joaquim Manuel"]
[Black "Guerreiro, Nuno M"]
[Result "0-1"]
[WhiteElo "2043"]
[BlackElo "2076"]
[PlyCount "56"]
[EventDate "2010.08.28"]
[EventType "swiss"]
[EventRounds "9"]
[EventCountry "POR"]
[SourceTitle "CBM 138 Extra"]
[Source "ChessBase"]
[SourceDate "2010.10.29"]
[SourceVersion "1"]
[SourceVersionDate "2010.10.29"]
[SourceQuality "1"]

1. e4 Nc6 2. d4 d5 3. e5 f6 4. f4 Nh6 5. c3 Bg4 6. Nf3 e6 7. Be2 Be7 8. 0-0 Qd7 9. b4 Nf5 10. a4 h5 11. Na3 0-0-0 12. Nc2 Rdg8 13. a5 Nd8 14. b5 c5 15. Rb1 c4 16. Qd2 Nf7 17. Re1 g5 18. exf6 Bxf3 19. Bxf3 Bxf6 20. fxg5 Nxg5 21. Qe2 Rh6 22. Rb2 h4 23. Bxg5 Bxg5 24. Bg4 Bf4 25. Bxf5 exf5 26. Qe7 Qxe7 27. Rxe7 Bd2 28. b6 a6 0-1

[Event "Seville op 35th"]
[Site "Seville"]
[Date "2010.01.16"]
[Round "9"]
[White "Durao, Joaquim Manuel"]
[Black "Fernandez Troncoso, Francisco Manuel"]
[Result "1-0"]
[WhiteElo "2043"]
[BlackElo "2213"]
[PlyCount "118"]
[EventDate "2010.01.08"]
[EventType "swiss"]
[EventRounds "9"]
[EventCountry "ESP"]
[SourceTitle "CBM 134 Extra"]
[Source "ChessBase"]
[SourceDate "2010.03.03"]
[SourceVersion "1"]
[SourceVersionDate "2010.03.03"]
[SourceQuality "1"]

1. e4 d6 2. d4 Nf6 3. f3 g6 4. c4 Bg7 5. Nc3 0-0 6. Be3 b6 7. Nge2 c5 8. Qd2 Nc6 9. h4 h5 10. 0-0-0 Ba6 11. b3 e5 12. d5 Nd4 13. Bh6 Bc8 14. Nxd4 cxd4 15. Na4 Bd7 16. Nb2 a6 17. Nd3 Qe7 18. Bxg7 Kxg7 19. Qg5 Rfe8 20. Kb1 b5 21. cxb5 axb5 22. Be2 Qd8 23. Qd2 Qb6 24. Rc1 Ra3 25. Rc2 Rea8 26. Rhc1 R8a7 27. Nb4 Qa5 28. Rb2 Qd8 29. Nc6 Bxc6 30. dxc6 d5 31. Bd3 Qd6 32. Qc2 dxe4 33. fxe4 Rc7 34. Qc5 Qxc5 35. Rxc5 Ra8 36. Rbc2 Rac8 37. b4 Ng4 38. Bxb5 Ne3 39. Rd2 Kf6 40. Ba6 Rb8 41. b5 Ke6 42. a4 Kd6 43. Rc1 f5 44. Bb7 fxe4 45. a5 Rbxb7 46. cxb7 Rxb7 47. Rb2 Nd5 48. a6 Rf7 49. b6 Nc3+ 50. Rxc3 dxc3 51. b7 Rf1+ 52. Kc2 cxb2 53. b8Q+ Kc6 54. Qb7+ Kc5 55. a7 b1Q+ 56. Qxb1 Rxb1 57. Kxb1 Kd4 58. a8Q Ke3 59. Qa2 Kd3 1-0

[Event "Figueira da Foz op 6th"]
[Site "Figueira da Foz"]
[Date "2009.12.05"]
[Round "8"]
[White "Durao, Joaquim Manuel"]
[Black "Brandauer, Dorit"]
[Result "0-1"]
[WhiteElo "2046"]
[BlackElo "1840"]
[PlyCount "130"]
[EventDate "2009.11.27"]
[EventType "swiss"]
[EventRounds "9"]
[EventCountry "POR"]
[SourceTitle "CBM 133 Extra"]
[Source "ChessBase"]
[SourceDate "2010.01.05"]
[SourceVersion "1"]
[SourceVersionDate "2010.01.05"]
[SourceQuality "1"]

1. e4 d6 2. d4 Nf6 3. Nc3 g6 4. f3 Bg7 5. Be3 0-0 6. Qd2 e5 7. d5 c5 8. g4 a6 9. 0-0-0 b5 10. h4 Nbd7 11. h5 Nb6 12. Bh6 Qc7 13. Qg5 Bxh6 14. Qxh6 b4 15. Nce2 c4 16. Kb1 Na4 17. Nh3 Rb8 18. Qe3 b3 19. axb3 cxb3 20. cxb3 Nc5 21. Nc1 a5 22. Qc3 Qb6 23. Bc4 Ba6 24. Rh2 Rfc8 25. hxg6 fxg6 26. Ng5 Nxb3 27. Qxb3 Bxc4 28. Qxb6 Rxb6 29. Rc2 Ba6 30. Rxc8+ Bxc8 31. Rd3 Bd7 32. Rb3 Rxb3 33. Nxb3 a4 34. Nd2 h5 35. Nc4 Ne8 36. Nb6 Bb5 37. gxh5 gxh5 38. Kc2 Kg7 39. Kd2 Kf6 40. Nh3 Ng7 41. Nc8 Ne8 42. Ke1 Bd7 43. Nb6 Bxh3 44. Nxa4 Bd7 45. Nc3 h4 46. Kf2 Nc7 47. Nd1 Nb5 48. Ne3 Kg5 49. Ng2 h3 50. Ne1 Nd4 51. Kg3 Ne2+ 52. Kh2 Kf4 53. b4 Nd4 54. Kh1 Nxf3 55. Nc2 Kxe4 56. b5 Bxb5 57. Ne3 Be2 58. Nf1 Ng5 59. Ng3+ Kf3 60. Nf5 Nf7 61. Kh2 Bf1 62. Kg1 Bg2 63. Nh4+ Ke4 64. Ng6 Kxd5 65. Nh4 e4 0-1

[Event "Figueira da Foz op 6th"]
[Site "Figueira da Foz"]
[Date "2009.12.01"]
[Round "3"]
[White "Durao, Joaquim Manuel"]
[Black "Aguiar, Henrique Rui Neves"]
[Result "1-0"]
[WhiteElo "2046"]
[BlackElo "1710"]
[PlyCount "79"]
[EventDate "2009.11.27"]
[EventType "swiss"]
[EventRounds "9"]
[EventCountry "POR"]
[SourceTitle "CBM 133 Extra"]
[Source "ChessBase"]
[SourceDate "2010.01.05"]
[SourceVersion "1"]
[SourceVersionDate "2010.01.05"]
[SourceQuality "1"]

1. e4 c5 2. Nf3 e6 3. d4 cxd4 4. Nxd4 a6 5. Bd3 Qc7 6. Be3 Nf6 7. f4 d6 8. a4 Be7 9. Nc3 b6 10. Qf3 Bb7 11. 0-0 Nbd7 12. Rad1 0-0 13. Qh3 Nc5 14. Bf2 Nxd3 15. cxd3 Rac8 16. e5 dxe5 17. fxe5 Nd7 18. Nxe6 fxe6 19. Qxe6+ Rf7 20. Bd4 Rcf8 21. Rxf7 Rxf7 22. Rf1 Nxe5 23. Bxe5 Bc5+ 24. d4 Qe7 25. Qxf7+ Qxf7 26. Rxf7 Bxd4+ 27. Bxd4 Kxf7 28. Bxb6 g6 29. Kf2 Ke6 30. Bd4 Kf5 31. b4 Ke6 32. g4 Bc8 33. h4 Kd6 34. Kg3 Bd7 35. Kf4 h6 36. Ne4+ Ke7 37. Nc5 Bc6 38. Ke5 Bf3 39. Nxa6 Bxg4 40. Be3 1-0

[Event "Figueira da Foz op 6th"]
[Site "Figueira da Foz"]
[Date "2009.11.30"]
[Round "2"]
[White "Rotstein, Arkadij"]
[Black "Durao, Joaquim Manuel"]
[Result "1-0"]
[WhiteElo "2534"]
[BlackElo "2046"]
[PlyCount "35"]
[EventDate "2009.11.27"]
[EventType "swiss"]
[EventRounds "9"]
[EventCountry "POR"]
[SourceTitle "CBM 133 Extra"]
[Source "ChessBase"]
[SourceDate "2010.01.05"]
[SourceVersion "1"]
[SourceVersionDate "2010.01.05"]
[SourceQuality "1"]

1. d4 Nf6 2. Nf3 g6 3. g3 Bg7 4. Bg2 0-0 5. 0-0 d6 6. a4 c5 7. d5 e6 8. Nc3 exd5 9. Nxd5 Nxd5 10. Qxd5 Nc6 11. Bg5 Bf6 12. Rfe1 Be6 13. Qd2 d5 14. c3 Re8 15. Qf4 Kg7 16. e4 Bxg5 17. Nxg5 d4 18. b4 1-0

[Event "POR-ch sf"]
[Site "Amadora"]
[Date "2009.09.06"]
[Round "2"]
[White "Alves, Luis Miguel Guerrei"]
[Black "Durao, Joaquim Manuel"]
[Result "0-1"]
[WhiteElo "1907"]
[BlackElo "2045"]
[PlyCount "100"]
[EventDate "2009.09.05"]
[EventType "swiss"]
[EventRounds "9"]
[EventCountry "POR"]
[SourceTitle "EXT 2015"]
[Source "ChessBase"]
[SourceDate "2014.11.20"]
[SourceVersion "1"]
[SourceVersionDate "2014.11.20"]
[SourceQuality "1"]

1. c4 e5 2. Nc3 Nc6 3. Nf3 f5 4. d3 Nf6 5. g3 g6 6. Bg2 Bg7 7. 0-0 0-0 8. Rb1 d6 9. Bg5 h6 10. Bxf6 Qxf6 11. Nd5 Qd8 12. b4 Ne7 13. Nd2 c6 14. Nxe7+ Qxe7 15. a4 Be6 16. b5 c5 17. a5 Rad8 18. a6 b6 19. Qc2 h5 20. Rbd1 h4 21. Nb1 hxg3 22. fxg3 d5 23. cxd5 Bxd5 24. Bxd5+ Rxd5 25. Qc4 Qf7 26. Nd2 Rd4 27. Qxf7+ Rxf7 28. Nc4 Rfd7 29. Rc1 e4 30. dxe4 Rxe4 31. e3 Rd3 32. Rc2 Rc3 33. Rfc1 Rexc4 34. Rxc3 Rxc3 35. Rd1 Rxe3 36. Rd7 Rb3 37. Rxa7 Rxb5 38. Rb7 Kh7 39. Kg2 c4 40. a7 Ra5 41. Kf3 Ra3+ 42. Ke2 b5 43. Rxb5 Rxa7 44. Rc5 c3 45. h3 Ra2+ 46. Kd1 Rh2 47. g4 Rxh3 48. gxf5 gxf5 49. Rxf5 Rh1+ 50. Kc2 Rh2+ 0-1

[Event "Lisbon Honra"]
[Site "Lisbon"]
[Date "2007.05.23"]
[Round "3"]
[White "Pereira, Edgar"]
[Black "Durao, Joaquim Manuel"]
[Result "1/2-1/2"]
[WhiteElo "2121"]
[BlackElo "2166"]
[PlyCount "81"]
[EventDate "2007.05.21"]
[EventType "tourn"]
[EventRounds "9"]
[EventCountry "POR"]
[SourceTitle "EXT 2015"]
[Source "ChessBase"]
[SourceDate "2014.11.20"]
[SourceVersion "1"]
[SourceVersionDate "2014.11.20"]
[SourceQuality "1"]

1. e4 e6 2. d4 d5 3. Nc3 Bb4 4. e5 Ne7 5. Nf3 c5 6. a3 Bxc3+ 7. bxc3 Nbc6 8. a4 Bd7 9. dxc5 Qa5 10. Qd2 Ng6 11. c4 Qxd2+ 12. Bxd2 Ncxe5 13. Nxe5 Nxe5 14. cxd5 exd5 15. f4 Ng6 16. Bd3 0-0-0 17. 0-0 Ne7 18. f5 f6 19. g4 Nc6 20. Bf4 Ne5 21. Be2 Rhe8 22. Kf2 g5 23. Bd2 Bc6 24. a5 a6 25. Rfb1 d4 26. Rb3 Nd7 27. Bb4 Re5 28. Rh3 Rde8 29. Bc4 R8e7 30. Be6 Kc7 31. Bxd7 Re2+ 32. Kg1 Kxd7 33. Rg3 Rxc2 34. Rd1 Rc4 35. Bc3 Re4 36. h3 Ke7 37. Bb2 Ba4 38. Rd2 Rc2 39. Rgd3 Rc4 40. Rxd4 Rexd4 41. Rxd4 1/2-1/2

[Event "Seville op 30th"]
[Site "Seville"]
[Date "2005.01.14"]
[Round "8"]
[White "Estremera Panos, Sergio"]
[Black "Durao, Joaquim Manuel"]
[Result "1-0"]
[WhiteElo "2377"]
[BlackElo "2127"]
[PlyCount "61"]
[EventDate "2005.01.07"]
[EventType "swiss"]
[EventRounds "9"]
[EventCountry "ESP"]
[SourceTitle "CBM 104 Extra"]
[Source "ChessBase"]
[SourceDate "2005.03.01"]
[SourceVersion "1"]
[SourceVersionDate "2005.03.01"]
[SourceQuality "1"]

1. d4 Nf6 2. c4 g6 3. Nc3 Bg7 4. e4 d6 5. Nf3 0-0 6. Be2 e5 7. 0-0 Nbd7 8. Be3 Ng4 9. Bg5 f6 10. Bd2 Nh6 11. Qc2 Nf7 12. Rab1 a5 13. a3 Re8 14. d5 Nf8 15. b4 f5 16. c5 axb4 17. axb4 h6 18. Bd3 f4 19. Nb5 Bg4 20. Ne1 f3 21. Nxf3 Bxf3 22. gxf3 Bf6 23. cxd6 Bg5 24. dxc7 Qd7 25. Rfc1 Bxd2 26. Qxd2 g5 27. Qe3 Qh3 28. Be2 Ra2 29. Rc3 Qd7 30. Bf1 Rc8 31. Rbc1 1-0

[Event "Albacete op 12th"]
[Site "Albacete"]
[Date "2004.09.06"]
[Round "8"]
[White "Ivanov, Jordan"]
[Black "Durao, Joaquim Manuel"]
[Result "1-0"]
[WhiteElo "2391"]
[BlackElo "2142"]
[PlyCount "51"]
[EventDate "2004.09.01"]
[EventType "swiss"]
[EventRounds "9"]
[EventCountry "ESP"]
[SourceTitle "CBM 102 Extra"]
[Source "ChessBase"]
[SourceDate "2004.11.03"]
[SourceVersion "1"]
[SourceVersionDate "2004.11.03"]
[SourceQuality "1"]

1. d4 Nf6 2. c4 g6 3. Nc3 Bg7 4. e4 d6 5. h3 e5 6. d5 Nbd7 7. Bd3 Nc5 8. Bc2 a5 9. Nge2 0-0 10. Be3 Nfd7 11. Ng3 Nb6 12. Qe2 f5 13. exf5 gxf5 14. Nh5 Rf7 15. 0-0-0 Bd7 16. g4 Nca4 17. Nxa4 Bxa4 18. Bxa4 Nxa4 19. gxf5 Qd7 20. Rhg1 Kh8 21. Nxg7 Rxg7 22. Bh6 Rgg8 23. f6 Rxg1 24. Rxg1 Qxh3 25. Qe3 Qf5 26. f7 1-0

[Event "Cappelle op 20th"]
[Site "Cappelle la Grande"]
[Date "2004.02.28"]
[Round "1"]
[White "Durao, Joaquim Manuel"]
[Black "Flom, Gabriel"]
[Result "0-1"]
[WhiteElo "2139"]
[BlackElo "2385"]
[PlyCount "46"]
[EventDate "2004.02.28"]
[EventType "swiss"]
[EventRounds "9"]
[EventCountry "FRA"]
[SourceTitle "CBM 099 Extra"]
[Source "ChessBase"]
[SourceDate "2004.05.04"]
[SourceVersion "1"]
[SourceVersionDate "2004.05.04"]
[SourceQuality "1"]

1. e4 c5 2. Nf3 d6 3. d4 cxd4 4. Nxd4 Nf6 5. Nc3 a6 6. f4 Nc6 7. a4 e6 8. Be3 Be7 9. Qf3 Qc7 10. Bd3 Nxd4 11. Bxd4 e5 12. fxe5 dxe5 13. Qg3 Ng4 14. Nd5 Qd8 15. Bxe5 Bh4 16. Nc7+ Kf8 17. Nxa8 Nxe5 18. 0-0-0 Bxg3 19. hxg3 Bg4 20. Be2 Qxa8 21. Bxg4 Nxg4 22. Rd4 g6 23. Rf1 Kg7 0-1

[Event "Cullera-B"]
[Site "Cullera"]
[Date "2003.07.24"]
[Round "10.4"]
[White "Ibanez Aullana, Jose Ramon"]
[Black "Durao, Joaquim Manuel"]
[Result "1-0"]
[WhiteElo "2296"]
[BlackElo "2157"]
[PlyCount "57"]
[EventDate "2003.07.16"]
[EventType "tourn"]
[EventRounds "11"]
[EventCountry "ESP"]
[EventCategory "1"]
[SourceTitle "CBM 095 Extra"]
[Source "ChessBase"]
[SourceDate "2003.09.04"]
[SourceVersion "1"]
[SourceVersionDate "2003.09.04"]
[SourceQuality "1"]

1. e4 e5 2. Nf3 Nc6 3. d4 exd4 4. Nxd4 Nf6 5. Nxc6 bxc6 6. e5 Qe7 7. Qe2 Nd5 8. c4 Nb6 9. Nd2 d6 10. exd6 cxd6 11. b3 Bg4 12. f3 Be6 13. Bb2 0-0-0 14. 0-0-0 Rg8 15. Qe4 d5 16. cxd5 cxd5 17. Qxh7 f6 18. Bd3 Kb8 19. Rhe1 Qd7 20. Kb1 Bb4 21. Qh4 Bd6 22. Qf2 Bf5 23. Nf1 Bb4 24. Re2 Nc4 25. Qd4 Bxd3+ 26. Rxd3 Qf7 27. Ne3 Qg6 28. Nxd5 Bc5 29. Qxc4 1-0

[Event "Cullera-B"]
[Site "Cullera"]
[Date "2003.07.18"]
[Round "3.6"]
[White "Ortega Hermida, Daniel"]
[Black "Durao, Joaquim Manuel"]
[Result "1-0"]
[WhiteElo "2365"]
[BlackElo "2157"]
[PlyCount "60"]
[EventDate "2003.07.16"]
[EventType "tourn"]
[EventRounds "11"]
[EventCountry "ESP"]
[EventCategory "1"]
[SourceTitle "CBM 095 Extra"]
[Source "ChessBase"]
[SourceDate "2003.09.04"]
[SourceVersion "1"]
[SourceVersionDate "2003.09.04"]
[SourceQuality "1"]

1. d4 Nf6 2. Nf3 g6 3. g3 Bg7 4. Bg2 0-0 5. 0-0 d6 6. c4 Nc6 7. Nc3 e5 8. d5 Ne7 9. e4 Ne8 10. Ne1 f5 11. Nd3 Nf6 12. Bg5 Nxe4 13. Nxe4 fxe4 14. Bxe4 Bh3 15. Re1 Qd7 16. f4 Rae8 17. fxe5 dxe5 18. Nf2 Bf5 19. g4 Bxe4 20. Nxe4 h6 21. Nc5 Qd6 22. Be3 b6 23. Ne6 Rf6 24. Qa4 Ra8 25. Rad1 c5 26. b4 Rxe6 27. bxc5 bxc5 28. dxe6 Qxe6 29. Qd7 Qxc4 30. Rc1 Qf7 1-0

[Event "Pablo Gorbea Memorial 6th"]
[Site "Madrid"]
[Date "2002.09.18"]
[Round "3"]
[White "Durao, Joaquim Manuel"]
[Black "Martinez Martin, David"]
[Result "0-1"]
[WhiteElo "2173"]
[BlackElo "2348"]
[PlyCount "86"]
[EventDate "2002.09.16"]
[EventType "swiss"]
[EventRounds "9"]
[EventCountry "ESP"]
[SourceTitle "CBM 090 Extra"]
[Source "ChessBase"]
[SourceDate "2002.11.07"]
[SourceVersion "1"]
[SourceVersionDate "2002.11.07"]
[SourceQuality "1"]

1. e4 c5 2. Nc3 Nc6 3. Nf3 g6 4. d4 cxd4 5. Nxd4 Bg7 6. Be3 d6 7. Be2 Nf6 8. 0-0 0-0 9. Nb3 Be6 10. f4 Rc8 11. f5 Bd7 12. g4 Ne5 13. Nd2 Rxc3 14. bxc3 Bc6 15. Bf3 d5 16. exd5 Nxd5 17. Bd4 Nxc3 18. Bxc3 Qb6+ 19. Kg2 Nxf3 20. Nxf3 Bxc3 21. Rb1 Qa5 22. Qe2 gxf5 23. gxf5 Qxf5 24. Qd3 Qa5 25. Rb3 Bf6 26. Kf2 Rd8 27. Qc4 Qf5 28. Rg1+ Kf8 29. Rd3 Rd4 30. Qb3 Qf4 31. Rg3 Rxd3 32. Qxd3 Bh4 33. Qd8+ Be8 34. Qa5 Bxg3+ 35. hxg3 Qc4 36. Qf5 Ba4 37. Ne1 Qxa2 38. Qc8+ Be8 39. Qxb7 Qa5 40. Qe4 f5 41. Qd4 Qb6 42. Qxb6 axb6 43. Ke3 e5 0-1